[Event "WCO 2016"]
[Site "?"]
[Date "2016.09.09"]
[Round "7"]
[Board "10"]
[WhiteID "12505951"]
[White "Hejazipour Mitra"]
[BlackID "6502938"]
[Black "Acevedo Mendez Lisseth"]
[Result "1-0"]
[BlackElo "1857"]
[WhiteElo "2314"]
[LiveChessVersion "1.4.8"]

1. d4 {[%clk 1:30:35]} f5 {[%clk 1:30:43]} 2. c4 {[%clk 1:30:55]} Nf6
{[%clk 1:31:04]} 3. g3 {[%clk 1:31:14]} e6 {[%clk 1:31:24]} 4. Bg2
{[%clk 1:31:34]} Bb4+ {[%clk 1:31:05]} 5. Nd2 {[%clk 1:31:44]} O-O
{[%clk 1:31:21]} 6. Ngf3 {[%clk 1:31:49]} b6 {[%clk 1:31:33]} 7. a3
{[%clk 1:24:08]} Bxd2+ {[%clk 1:26:34]} 8. Nxd2 {[%clk 1:24:07]} d5
{[%clk 1:26:59]} 9. O-O {[%clk 1:22:56]} Bb7 {[%clk 1:27:15]} 10. Qc2
{[%clk 1:18:54]} Ne4 {[%clk 1:26:39]} 11. Nf3 {[%clk 1:13:44]} Nd7
{[%clk 1:26:05]} 12. Bf4 {[%clk 1:13:13]} c5 {[%clk 1:22:44]} 13. dxc5
{[%clk 1:06:13]} bxc5 {[%clk 1:20:24]} 14. Ne5 {[%clk 0:55:46]} Nxe5
{[%clk 1:10:18]} 15. Bxe5 {[%clk 0:56:14]} Qb6 {[%clk 1:10:36]} 16. Rfd1
{[%clk 0:44:18]} Rad8 {[%clk 1:04:49]} 17. cxd5 {[%clk 0:37:46]} exd5
{[%clk 1:00:17]} 18. Rac1 {[%clk 0:37:15]} Rc8 {[%clk 0:56:23]} 19. Bf4
{[%clk 0:29:57]} Kh8 {[%clk 0:40:55]} 20. e3 {[%clk 0:28:10]} Qe6
{[%clk 0:34:38]} 21. h4 {[%clk 0:24:39]} h6 {[%clk 0:33:35]} 22. h5
{[%clk 0:24:49]} Qf7 {[%clk 0:31:06]} 23. Qe2 {[%clk 0:23:53]} Rfd8
{[%clk 0:28:48]} 24. Rc2 {[%clk 0:18:43]} c4 {[%clk 0:24:35]} 25. Be5
{[%clk 0:17:31]} Bc6 {[%clk 0:24:29]} 26. Rcc1 {[%clk 0:09:34]} Be8
{[%clk 0:24:45]} 27. Bf3 {[%clk 0:08:28]} Ng5 {[%clk 0:24:53]} 28. Kg2
{[%clk 0:05:12]} Kh7 {[%clk 0:23:32]} 29. Rh1 {[%clk 0:04:44]} Nxf3
{[%clk 0:23:44]} 30. Qxf3 {[%clk 0:05:11]} Bc6 {[%clk 0:24:09]} 31. Bd4
{[%clk 0:05:18]} Rf8 {[%clk 0:21:20]} 32. Rh4 {[%clk 0:04:30]} Rc7
{[%clk 0:15:25]} 33. Rf4 {[%clk 0:04:32]} Qe6 {[%clk 0:15:00]} 34. Kh2
{[%clk 0:04:27]} Rff7 {[%clk 0:11:41]} 35. Rg1 {[%clk 0:04:26]} Ba4
{[%clk 0:11:03]} 36. Qg2 {[%clk 0:02:28]} Bc2 {[%clk 0:08:32]} 37. f3
{[%clk 0:01:58]} Bd3 {[%clk 0:08:57]} 38. g4 {[%clk 0:01:18]} Qe7
{[%clk 0:07:35]} 39. Qg3 {[%clk 0:01:01]} Qg5 {[%clk 0:06:30]} 40. Qh3
{[%clk 0:30:46]} fxg4 {[%clk 0:33:23]} 41. Rgxg4 {[%clk 0:27:38]} Qd8
{[%clk 0:32:25]} 42. Qg3 {[%clk 0:20:15]} Qd6 {[%clk 0:28:35]} 43. Qg2
{[%clk 0:07:56]} Qf8 {[%clk 0:25:29]} 44. Bxg7 {[%clk 0:07:19]} Rxf4
{[%clk 0:19:31]} 45. Bxf8 {[%clk 0:07:26]} Rxf8 {[%clk 0:19:57]} 46. Qg3
{[%clk 0:07:05]} Rcf7 {[%clk 0:20:21]} 47. Qe5 {[%clk 0:06:58]} Be2
{[%clk 0:19:56]} 48. Qe6 {[%clk 0:01:11]} Rf6 {[%clk 0:18:44]} 49. Qd7+
{[%clk 0:01:23]} R6f7 {[%clk 0:18:47]} 50. Qc6 {[%clk 0:01:21]} Rf6
{[%clk 0:18:40]} 51. Qb7+ {[%clk 0:01:20]} R6f7 {[%clk 0:19:06]} 52. Qa6
{[%clk 0:01:46]} Bd3 {[%clk 0:19:18]} 53. e4 {[%clk 0:01:18]} Rf6
{[%clk 0:13:24]} 54. Qxa7+ {[%clk 0:01:39]} R6f7 {[%clk 0:13:51]} 55. Qb6
{[%clk 0:01:56]} Rf6 {[%clk 0:14:18]} 56. Qb7+ {[%clk 0:02:18]} R6f7
{[%clk 0:14:31]} 57. Qxd5 {[%clk 0:02:33]} Rxf3 {[%clk 0:14:53]} 58. Qe5
{[%clk 0:01:59]} R3f6 {[%clk 0:13:03]} 59. Rg6 {[%clk 0:02:16]} Rf2+
{[%clk 0:13:14]} 60. Rg2 {[%clk 0:02:41]} R2f6 {[%clk 0:13:39]} 61. Qg3
{[%clk 0:02:53]} 1-0

[Event "WCO 2016"]
[Site "?"]
[Date "2016.09.09"]
[Round "7"]
[Board "11"]
[WhiteID "6503349"]
[White "Ramirez Gonzalez Maria Jose"]
[BlackID "12506540"]
[Black "Hakimifard Ghazal"]
[Result "0-1"]
[BlackElo "2308"]
[WhiteElo "1859"]
[LiveChessVersion "1.4.8"]

1. d4 {[%clk 1:30:54]} Nf6 {[%clk 1:30:48]} 2. Bf4 {[%clk 1:31:13]} g6
{[%clk 1:30:56]} 3. Nf3 {[%clk 1:31:22]} d6 {[%clk 1:31:21]} 4. e3
{[%clk 1:31:35]} Nh5 {[%clk 1:31:33]} 5. Bg5 {[%clk 1:29:19]} h6 {[%clk 1:31:57]}
6. Bh4 {[%clk 1:29:18]} g5 {[%clk 1:32:20]} 7. Nfd2 {[%clk 1:26:47]} Ng7
{[%clk 1:32:45]} 8. Bg3 {[%clk 1:27:06]} Nf5 {[%clk 1:33:10]} 9. c4
{[%clk 1:23:02]} Bg7 {[%clk 1:31:20]} 10. Nc3 {[%clk 1:21:59]} Nd7
{[%clk 1:27:23]} 11. Bd3 {[%clk 1:18:46]} Nf6 {[%clk 1:27:21]} 12. Bxf5
{[%clk 1:13:52]} Bxf5 {[%clk 1:27:41]} 13. O-O {[%clk 1:02:17]} Qd7
{[%clk 1:25:31]} 14. b4 {[%clk 0:57:45]} Bg6 {[%clk 1:21:12]} 15. h3
{[%clk 0:57:02]} h5 {[%clk 1:11:50]} 16. h4 {[%clk 0:51:16]} gxh4
{[%clk 1:03:50]} 17. Bxh4 {[%clk 0:51:42]} c6 {[%clk 1:02:08]} 18. Rc1
{[%clk 0:51:32]} Qg4 {[%clk 1:00:42]} 19. Qxg4 {[%clk 0:49:55]} hxg4
{[%clk 1:01:06]} 20. Bg3 {[%clk 0:46:01]} Kd7 {[%clk 0:59:25]} 21. b5
{[%clk 0:41:50]} Rh5 {[%clk 0:55:53]} 22. bxc6+ {[%clk 0:41:19]} bxc6
{[%clk 0:56:22]} 23. f3 {[%clk 0:37:38]} gxf3 {[%clk 0:51:24]} 24. gxf3
{[%clk 0:37:53]} Bd3 {[%clk 0:50:13]} 25. Rf2 {[%clk 0:36:38]} Bh6
{[%clk 0:47:04]} 26. Nd1 {[%clk 0:35:07]} Rg8 {[%clk 0:46:40]} 27. Rg2
{[%clk 0:35:09]} Rhg5 {[%clk 0:45:55]} 28. Kf2 {[%clk 0:34:55]} Nh5
{[%clk 0:44:09]} 29. Nb2 {[%clk 0:32:52]} Nxg3 {[%clk 0:40:45]} 30. Rh2
{[%clk 0:29:24]} Ra5 {[%clk 0:28:50]} 31. Nxd3 {[%clk 0:20:40]} Rxa2
{[%clk 0:27:51]} 32. Rd1 {[%clk 0:20:22]} Nf5 {[%clk 0:24:35]} 33. f4
{[%clk 0:20:14]} Bg7 {[%clk 0:23:32]} 34. Rh5 {[%clk 0:17:48]} e6
{[%clk 0:22:50]} 35. Rg5 {[%clk 0:12:54]} Rh8 {[%clk 0:22:04]} 36. Rg2
{[%clk 0:12:18]} Rh3 {[%clk 0:19:57]} 37. Nb4 {[%clk 0:09:30]} Rb2
{[%clk 0:16:07]} 38. Nd3 {[%clk 0:09:27]} Nxe3 {[%clk 0:12:09]} 39. Nxb2
{[%clk 0:08:32]} Bxd4 {[%clk 0:12:32]} 40. Rb1 {[%clk 0:35:36]} Nd1+
{[%clk 0:36:15]} 41. Ke1 {[%clk 0:33:23]} Nxb2 {[%clk 0:36:35]} 42. Ke2
{[%clk 0:28:31]} Re3+ {[%clk 0:31:42]} 43. Kf1 {[%clk 0:28:36]} a5
{[%clk 0:31:13]} 44. Re2 {[%clk 0:27:44]} Rg3 {[%clk 0:31:07]} 45. Rg2
{[%clk 0:27:47]} Rh3 {[%clk 0:31:22]} 46. Ke2 {[%clk 0:28:05]} Re3+
{[%clk 0:31:39]} 47. Kf1 {[%clk 0:28:09]} a4 {[%clk 0:31:58]} 48. Ra1
{[%clk 0:24:58]} a3 {[%clk 0:31:15]} 49. Ra2 {[%clk 0:24:11]} Nd3
{[%clk 0:30:54]} 0-1

[Event "WCO 2016"]
[Site "?"]
[Date "2016.09.09"]
[Round "7"]
[Board "12"]
[WhiteID "12507547"]
[White "Alavi Homa"]
[BlackID "6505910"]
[Black "Morera Campos Hazel Maria"]
[Result "1-0"]
[BlackElo "1822"]
[WhiteElo "1997"]
[LiveChessVersion "1.4.8"]

1. d4 {[%clk 1:30:53]} Nf6 {[%clk 1:30:39]} 2. Nf3 {[%clk 1:31:08]} d5
{[%clk 1:29:34]} 3. c4 {[%clk 1:30:37]} e6 {[%clk 1:29:39]} 4. g3
{[%clk 1:30:28]} Be7 {[%clk 1:29:20]} 5. Bg2 {[%clk 1:30:51]} O-O
{[%clk 1:29:10]} 6. O-O {[%clk 1:31:01]} Nbd7 {[%clk 1:24:04]} 7. Qc2
{[%clk 1:26:24]} c6 {[%clk 1:20:04]} 8. Nbd2 {[%clk 1:24:51]} Re8
{[%clk 1:12:00]} 9. b3 {[%clk 1:24:07]} Bd6 {[%clk 1:08:25]} 10. Bb2
{[%clk 1:24:30]} e5 {[%clk 1:02:00]} 11. dxe5 {[%clk 1:21:19]} Nxe5
{[%clk 1:01:16]} 12. Rad1 {[%clk 1:20:25]} Bd7 {[%clk 0:51:41]} 13. Rfe1
{[%clk 1:14:51]} Nxf3+ {[%clk 0:43:23]} 14. Nxf3 {[%clk 1:14:19]} Bb4
{[%clk 0:41:26]} 15. Rf1 {[%clk 1:14:22]} Qe7 {[%clk 0:36:41]} 16. Ne5
{[%clk 1:07:18]} Be6 {[%clk 0:36:21]} 17. e3 {[%clk 0:53:50]} Red8
{[%clk 0:31:45]} 18. cxd5 {[%clk 0:48:59]} cxd5 {[%clk 0:26:11]} 19. Rc1
{[%clk 0:42:49]} Rac8 {[%clk 0:25:09]} 20. Qd3 {[%clk 0:41:57]} Ba3
{[%clk 0:20:30]} 21. Rxc8 {[%clk 0:38:50]} Rxc8 {[%clk 0:19:54]} 22. Bd4
{[%clk 0:39:01]} a6 {[%clk 0:17:21]} 23. Rd1 {[%clk 0:34:20]} Qc7
{[%clk 0:16:28]} 24. h3 {[%clk 0:21:41]} h6 {[%clk 0:14:20]} 25. Nf3
{[%clk 0:16:00]} Ne4 {[%clk 0:13:00]} 26. Ne1 {[%clk 0:12:41]} Qc6
{[%clk 0:09:31]} 27. Qe2 {[%clk 0:08:25]} Ng5 {[%clk 0:05:43]} 28. Kh2
{[%clk 0:06:57]} Ne4 {[%clk 0:02:55]} 29. Nd3 {[%clk 0:03:51]} Qc2
{[%clk 0:02:09]} 30. Qh5 {[%clk 0:01:15]} Qxa2 {[%clk 0:00:48]} 31. Qe5
{[%clk 0:00:43]} Bf8 {[%clk 0:01:09]} 32. Nf4 {[%clk 0:00:35]} Rc6
{[%clk 0:00:38]} 33. Nxd5 {[%clk 0:00:38]} Bxd5 {[%clk 0:00:44]} 34. Qxd5
{[%clk 0:00:52]} Nf6 {[%clk 0:00:42]} 35. Qf5 {[%clk 0:00:33]} Rc2
{[%clk 0:00:40]} 36. e4 {[%clk 0:00:34]} Qxb3 {[%clk 0:00:48]} 37. e5
{[%clk 0:00:45]} Ne8 {[%clk 0:00:37]} 38. Be4 {[%clk 0:01:05]} g6
{[%clk 0:00:40]} 39. Bxc2 {[%clk 0:01:16]} Qxg3+ {[%clk 0:00:33]} 40. Kxg3
{[%clk 0:31:32]} gxf5 {[%clk 0:30:59]} 41. Bxf5 {[%clk 0:31:48]} b5
{[%clk 0:29:04]} 1-0

[Event "WCO 2016"]
[Site "?"]
[Date "2016.09.09"]
[Round "7"]
[Board "9"]
[WhiteID "12801259"]
[White "Cmilyte Viktorija"]
[BlackID "3900754"]
[Black "Sanchez Castillo Sarai Carolina"]
[Result "1-0"]
[BlackElo "2182"]
[WhiteElo "2536"]
[LiveChessVersion "1.4.8"]

1. d4 {[%clk 1:30:56]} d5 {[%clk 1:30:58]} 2. c4 {[%clk 1:31:08]} c6
{[%clk 1:31:23]} 3. Nc3 {[%clk 1:31:33]} Nf6 {[%clk 1:31:50]} 4. Nf3
{[%clk 1:31:57]} dxc4 {[%clk 1:31:44]} 5. a4 {[%clk 1:32:21]} Bf5
{[%clk 1:31:47]} 6. Nh4 {[%clk 1:32:14]} Bd7 {[%clk 1:26:08]} 7. e4
{[%clk 1:29:19]} e6 {[%clk 1:26:07]} 8. Bxc4 {[%clk 1:28:03]} Bb4
{[%clk 1:13:25]} 9. Qd3 {[%clk 1:23:36]} c5 {[%clk 1:04:27]} 10. d5
{[%clk 1:05:41]} Nxd5 {[%clk 0:58:23]} 11. Nf5 {[%clk 0:58:36]} exf5
{[%clk 0:55:19]} 12. exd5 {[%clk 0:58:21]} O-O {[%clk 0:48:17]} 13. O-O
{[%clk 0:58:46]} a6 {[%clk 0:48:38]} 14. b3 {[%clk 0:53:37]} Qf6 {[%clk 0:35:20]}
15. Bb2 {[%clk 0:51:12]} Bc8 {[%clk 0:23:53]} 16. Qc2 {[%clk 0:46:22]} Bxc3
{[%clk 0:03:29]} 17. Bxc3 {[%clk 0:46:47]} Qg6 {[%clk 0:03:38]} 18. f4
{[%clk 0:31:26]} h5 19. Rf3 {[%clk 0:31:08]} Qh6 {[%clk 0:00:38]} 20. Rg3
{[%clk 0:27:08]} g6 {[%clk 0:01:05]} 21. Bb2 {[%clk 0:26:30]} Qxf4
{[%clk 0:00:32]} 22. Rf1 {[%clk 0:26:42]} Qh6 {[%clk 0:00:48]} 23. Qc3
{[%clk 0:22:46]} Kh7 {[%clk 0:00:43]} 24. Re3 {[%clk 0:21:31]} Nd7
{[%clk 0:00:34]} 25. Re7 {[%clk 0:21:51]} Kg8 {[%clk 0:00:52]} 26. Rf3
{[%clk 0:14:54]} Rb8 {[%clk 0:00:40]} 27. Rg3 {[%clk 0:13:35]} f6
{[%clk 0:01:09]} 28. d6+ {[%clk 0:13:23]} Kh8 {[%clk 0:01:39]} 29. Be6
{[%clk 0:11:41]} f4 {[%clk 0:00:49]} 30. Rf3 {[%clk 0:11:14]} g5 {[%clk 0:00:33]}
31. Bxd7 {[%clk 0:11:07]} Bxd7 {[%clk 0:00:50]} 32. Rxd7 {[%clk 0:11:32]} Rbe8
{[%clk 0:00:36]} 33. Re7 {[%clk 0:11:48]} 1-0

[Event "WCO 2016"]
[Site "?"]
[Date "2016.09.09"]
[Round "7"]
[Board "10"]
[WhiteID "3900517"]
[White "Montilla Reyes Jorcerys"]
[BlackID "12802859"]
[Black "Daulyte Deimante"]
[Result "0-1"]
[BlackElo "2421"]
[WhiteElo "2194"]
[LiveChessVersion "1.4.8"]

1. d4 {[%clk 1:30:57]} d6 {[%clk 1:30:53]} 2. c4 {[%clk 1:31:20]} e5
{[%clk 1:31:17]} 3. dxe5 {[%clk 1:29:30]} dxe5 {[%clk 1:31:41]} 4. Qxd8+
{[%clk 1:28:49]} Kxd8 {[%clk 1:32:02]} 5. Nc3 {[%clk 1:29:14]} Be6
{[%clk 1:31:41]} 6. e3 {[%clk 1:29:29]} c6 {[%clk 1:31:07]} 7. Nf3
{[%clk 1:29:49]} f6 {[%clk 1:31:25]} 8. Be2 {[%clk 1:29:22]} Nd7 {[%clk 1:31:19]}
9. O-O {[%clk 1:24:52]} Nh6 {[%clk 1:31:16]} 10. e4 {[%clk 1:17:21]} Nf7
{[%clk 1:29:42]} 11. Be3 {[%clk 1:17:19]} Kc7 {[%clk 1:28:58]} 12. Rad1
{[%clk 1:15:35]} Nb6 {[%clk 1:23:20]} 13. b3 {[%clk 1:15:22]} Bb4
{[%clk 1:22:24]} 14. Nb1 {[%clk 1:15:18]} Be7 {[%clk 1:20:04]} 15. c5
{[%clk 1:10:45]} Nd7 {[%clk 1:20:09]} 16. Rc1 {[%clk 1:09:50]} a5
{[%clk 1:18:21]} 17. Nfd2 {[%clk 1:01:05]} Nd8 {[%clk 1:11:05]} 18. a3
{[%clk 0:58:10]} Bg8 {[%clk 1:07:49]} 19. b4 {[%clk 0:56:25]} axb4
{[%clk 1:08:00]} 20. axb4 {[%clk 0:56:46]} Ne6 {[%clk 1:08:18]} 21. Nc3
{[%clk 0:54:34]} Nd4 {[%clk 1:02:10]} 22. Bc4 {[%clk 0:47:04]} Ra3
{[%clk 0:49:43]} 23. Ncb1 {[%clk 0:29:22]} Ra4 {[%clk 0:47:56]} 24. f4
{[%clk 0:07:09]} Rxb4 {[%clk 0:46:20]} 25. fxe5 {[%clk 0:07:24]} Bxc5
{[%clk 0:41:16]} 26. exf6 {[%clk 0:06:22]} gxf6 {[%clk 0:41:01]} 27. Kh1
{[%clk 0:05:54]} b5 {[%clk 0:38:34]} 28. Bxg8 {[%clk 0:05:40]} Rxg8
{[%clk 0:38:58]} 29. Nc3 {[%clk 0:05:45]} Ne6 {[%clk 0:35:53]} 30. Bxc5
{[%clk 0:03:37]} Nexc5 {[%clk 0:36:09]} 31. Rc2 {[%clk 0:03:50]} Kb7
{[%clk 0:34:08]} 32. h3 {[%clk 0:04:05]} Na4 {[%clk 0:33:06]} 33. Ne2
{[%clk 0:02:57]} Rb2 {[%clk 0:31:51]} 34. Rxb2 {[%clk 0:02:24]} Nxb2
{[%clk 0:32:15]} 35. Rb1 {[%clk 0:02:51]} Nd3 {[%clk 0:32:14]} 36. Nd4
{[%clk 0:02:55]} Kb6 {[%clk 0:31:14]} 37. Nf5 {[%clk 0:01:23]} N7e5
{[%clk 0:30:41]} 38. Kg1 {[%clk 0:01:01]} Ra8 {[%clk 0:24:56]} 39. Rb3
{[%clk 0:00:42]} Ra2 {[%clk 0:22:35]} 40. Nb1 {[%clk 0:30:43]} Ra1
{[%clk 0:51:16]} 41. Nd4 {[%clk 0:28:10]} Nc1 {[%clk 0:42:28]} 42. Rb2
{[%clk 0:28:20]} Ned3 {[%clk 0:38:48]} 43. Nb3 {[%clk 0:27:58]} Nxb3
{[%clk 0:39:04]} 44. Rxb3 {[%clk 0:28:19]} Nc5 {[%clk 0:39:26]} 0-1

[Event "WCO 2016"]
[Site "?"]
[Date "2016.09.09"]
[Round "7"]
[Board "11"]
[WhiteID "12801496"]
[White "Zaksaite Salomeja"]
[BlackID "3903001"]
[Black "Varela La Madrid Tilsia Carolina"]
[Result "1-0"]
[BlackElo "2035"]
[WhiteElo "2298"]
[LiveChessVersion "1.4.8"]

1. e4 {[%clk 1:30:59]} e5 {[%clk 1:30:39]} 2. Nf3 {[%clk 1:30:43]} Nc6
{[%clk 1:30:49]} 3. Bb5 {[%clk 1:30:46]} Nf6 {[%clk 1:30:51]} 4. O-O
{[%clk 1:28:16]} Nxe4 {[%clk 1:30:52]} 5. d4 {[%clk 1:28:42]} Nd6
{[%clk 1:29:56]} 6. Bxc6 {[%clk 1:29:08]} dxc6 {[%clk 1:30:14]} 7. dxe5
{[%clk 1:29:35]} Nf5 {[%clk 1:30:28]} 8. Qxd8+ {[%clk 1:30:01]} Kxd8
{[%clk 1:30:54]} 9. Nc3 {[%clk 1:30:14]} Be6 {[%clk 1:29:27]} 10. b3
{[%clk 1:27:18]} h6 {[%clk 1:25:47]} 11. Bb2 {[%clk 1:21:56]} Be7
{[%clk 1:25:02]} 12. h3 {[%clk 1:15:48]} g5 {[%clk 1:17:46]} 13. Ne4
{[%clk 1:13:39]} Ke8 {[%clk 1:16:36]} 14. g4 {[%clk 1:08:02]} Ng7
{[%clk 0:59:43]} 15. Nd4 {[%clk 0:52:00]} h5 {[%clk 0:57:44]} 16. Nf6+
{[%clk 0:46:36]} Kf8 {[%clk 0:57:32]} 17. Nxe6+ {[%clk 0:44:21]} fxe6
{[%clk 0:57:15]} 18. f4 {[%clk 0:44:41]} gxf4 {[%clk 0:55:17]} 19. Rxf4
{[%clk 0:44:43]} Bc5+ {[%clk 0:54:33]} 20. Kg2 {[%clk 0:42:41]} Ke7
{[%clk 0:54:13]} 21. Ne4 {[%clk 0:41:47]} Bb6 {[%clk 0:43:04]} 22. Ba3+
{[%clk 0:39:12]} c5 {[%clk 0:42:00]} 23. Nxc5 {[%clk 0:36:45]} Bxc5
{[%clk 0:39:14]} 24. Bxc5+ {[%clk 0:37:12]} Ke8 {[%clk 0:34:47]} 25. Raf1
{[%clk 0:37:20]} hxg4 {[%clk 0:34:51]} 26. hxg4 {[%clk 0:35:00]} b6
{[%clk 0:34:12]} 27. Rf8+ {[%clk 0:26:48]} Kd7 {[%clk 0:34:30]} 28. R1f7+
{[%clk 0:25:18]} Kc6 {[%clk 0:34:50]} 29. Rxa8 {[%clk 0:24:06]} Rxa8
{[%clk 0:35:09]} 30. Bf8 {[%clk 0:24:16]} Ne8 {[%clk 0:34:39]} 31. g5
{[%clk 0:20:56]} Kd5 {[%clk 0:34:51]} 32. g6 {[%clk 0:20:30]} Kxe5
{[%clk 0:35:04]} 33. g7 {[%clk 0:19:28]} Nxg7 {[%clk 0:35:24]} 34. Bxg7+
{[%clk 0:19:55]} Kd6 {[%clk 0:35:34]} 35. Kf3 {[%clk 0:18:33]} Re8
{[%clk 0:34:45]} 36. Ke4 {[%clk 0:18:35]} 1-0

[Event "WCO 2016"]
[Site "?"]
[Date "2016.09.09"]
[Round "7"]
[Board "12"]
[WhiteID "3900630"]
[White "Ubaldo Suarez Maria Gisela"]
[BlackID "12801860"]
[Black "Batyte Daiva"]
[Result "1/2-1/2"]
[BlackElo "2189"]
[WhiteElo "2062"]
[LiveChessVersion "1.4.8"]

1. d4 {[%clk 1:30:52]} Nf6 {[%clk 1:30:54]} 2. c4 {[%clk 1:31:03]} g6
{[%clk 1:31:04]} 3. Nc3 {[%clk 1:31:25]} Bg7 {[%clk 1:31:04]} 4. e4
{[%clk 1:31:44]} d6 {[%clk 1:30:59]} 5. Nf3 {[%clk 1:28:42]} O-O {[%clk 1:29:57]}
6. Be2 {[%clk 1:29:06]} e5 {[%clk 1:26:11]} 7. O-O {[%clk 1:26:44]} exd4
{[%clk 1:23:22]} 8. Nxd4 {[%clk 1:27:05]} Re8 {[%clk 1:23:16]} 9. f3
{[%clk 1:26:53]} c6 {[%clk 1:13:56]} 10. Be3 {[%clk 1:18:22]} Nbd7
{[%clk 1:05:07]} 11. Qd2 {[%clk 1:17:15]} Ne5 {[%clk 0:57:01]} 12. Rfd1
{[%clk 1:11:45]} Qe7 {[%clk 0:54:38]} 13. Rac1 {[%clk 1:07:47]} h5
{[%clk 0:45:39]} 14. Kh1 {[%clk 1:05:57]} Bd7 {[%clk 0:42:03]} 15. b3
{[%clk 1:01:00]} Red8 {[%clk 0:35:24]} 16. Bg5 {[%clk 0:59:05]} Qf8
{[%clk 0:32:35]} 17. Nc2 {[%clk 0:45:19]} Be6 {[%clk 0:30:46]} 18. Ne3
{[%clk 0:45:04]} Rd7 {[%clk 0:30:14]} 19. h3 {[%clk 0:44:57]} Nh7
{[%clk 0:27:59]} 20. Bf4 {[%clk 0:44:31]} Rad8 {[%clk 0:27:05]} 21. Bg3
{[%clk 0:42:34]} g5 {[%clk 0:20:03]} 22. f4 {[%clk 0:39:41]} gxf4
{[%clk 0:19:50]} 23. Bxf4 {[%clk 0:39:58]} Nf6 {[%clk 0:17:13]} 24. Bg5
{[%clk 0:37:45]} Re8 {[%clk 0:17:33]} 25. Rf1 {[%clk 0:35:30]} Nh7
{[%clk 0:17:09]} 26. Nf5 {[%clk 0:33:45]} Bxf5 {[%clk 0:16:20]} 27. Rxf5
{[%clk 0:33:42]} Nxg5 {[%clk 0:16:06]} 28. Qxg5 {[%clk 0:29:33]} Ng6
{[%clk 0:16:06]} 29. Qxh5 {[%clk 0:29:34]} Re5 {[%clk 0:13:18]} 30. Qg4
{[%clk 0:25:43]} Rde7 {[%clk 0:12:23]} 31. Bd3 {[%clk 0:17:41]} Qe8
{[%clk 0:12:30]} 32. Rf3 {[%clk 0:14:21]} Ra5 {[%clk 0:12:24]} 33. Rg3
{[%clk 0:12:52]} Ree5 {[%clk 0:12:36]} 34. Qd1 {[%clk 0:12:13]} Rg5
{[%clk 0:12:31]} 35. Rxg5 {[%clk 0:12:19]} Rxg5 {[%clk 0:12:48]} 36. Ne2
{[%clk 0:10:20]} Be5 {[%clk 0:12:20]} 37. Qd2 {[%clk 0:10:20]} Qe7
{[%clk 0:12:11]} 38. Rf1 {[%clk 0:10:30]} f6 {[%clk 0:10:27]} 39. Rf5
{[%clk 0:08:28]} Qf7 {[%clk 0:09:22]} 40. Qe3 {[%clk 0:33:27]} c5
{[%clk 0:39:07]} 41. Bc2 {[%clk 0:17:10]} Qe7 {[%clk 0:36:54]} 42. Qd2
{[%clk 0:15:11]} Kg7 {[%clk 0:35:32]} 43. a4 b6 {[%clk 0:34:48]} 44. Qe3
{[%clk 0:09:46]} Nh4 {[%clk 0:32:45]} 45. Rxg5+ {[%clk 0:09:39]} fxg5
{[%clk 0:32:57]} 46. g3 {[%clk 0:09:09]} Ng6 {[%clk 0:32:33]} 47. Kg2
{[%clk 0:09:34]} Bf6 {[%clk 0:32:12]} 48. Bd1 {[%clk 0:09:10]} Qe5
{[%clk 0:31:06]} 49. Qd3 {[%clk 0:08:28]} Ne7 {[%clk 0:30:56]} 50. Ng1
{[%clk 0:07:51]} Nc6 {[%clk 0:30:12]} 51. Nf3 {[%clk 0:07:54]} Qb2+
{[%clk 0:30:11]} 52. Qe2 {[%clk 0:07:06]} Qc3 {[%clk 0:24:02]} 53. Qc2
{[%clk 0:06:31]} Qe3 {[%clk 0:23:38]} 54. Qe2 {[%clk 0:06:32]} Qc3
{[%clk 0:22:18]} 55. Qc2 {[%clk 0:06:26]} Qe3 {[%clk 0:21:18]} 56. Qe2
{[%clk 0:06:16]} Qc3 {[%clk 0:20:49]} 57. Qc2 {[%clk 0:06:04]} Qe3
{[%clk 0:19:56]} 58. Qe2 {[%clk 0:05:24]} Qc3 1/2-1/2

[Event "WCO 2016"]
[Site "?"]
[Date "2016.09.09"]
[Round "7"]
[Board "13"]
[WhiteID "3700860"]
[White "Vargas Gabriela"]
[BlackID "9305343"]
[Black "Shaikha Abdallah Aldhaheri "]
[Result "1-0"]
[BlackElo "1495"]
[WhiteElo "2050"]
[LiveChessVersion "1.4.8"]

1. d4 {[%clk 1:30:56]} Nf6 {[%clk 1:30:47]} 2. Bf4 {[%clk 1:30:47]} d5
{[%clk 1:29:54]} 3. Nc3 {[%clk 1:30:26]} a6 {[%clk 1:28:42]} 4. f3
{[%clk 1:30:27]} Bf5 {[%clk 1:27:32]} 5. g4 {[%clk 1:29:37]} Bg6 {[%clk 1:22:58]}
6. h4 {[%clk 1:26:57]} h6 {[%clk 1:21:16]} 7. e3 {[%clk 1:22:45]} e6
{[%clk 1:20:02]} 8. a3 {[%clk 1:22:00]} c5 {[%clk 1:19:44]} 9. Bd3
{[%clk 1:17:47]} Bxd3 {[%clk 1:20:00]} 10. Qxd3 {[%clk 1:18:15]} cxd4
{[%clk 1:18:16]} 11. exd4 {[%clk 1:16:16]} Bd6 {[%clk 1:16:55]} 12. Nge2
{[%clk 1:14:45]} Bxf4 {[%clk 1:14:29]} 13. Nxf4 {[%clk 1:15:11]} Qd6
{[%clk 1:14:48]} 14. Qd2 {[%clk 1:12:23]} b5 {[%clk 1:07:17]} 15. Nd3
{[%clk 1:10:07]} Nc6 {[%clk 0:58:54]} 16. Ne2 {[%clk 1:09:46]} a5
{[%clk 0:47:57]} 17. Kf2 {[%clk 0:56:27]} Nd7 {[%clk 0:37:34]} 18. Qf4
{[%clk 0:53:34]} Ke7 {[%clk 0:29:06]} 19. Rhd1 {[%clk 0:38:48]} Qxf4
{[%clk 0:19:00]} 20. Ndxf4 {[%clk 0:38:43]} Kd6 {[%clk 0:18:20]} 21. Rac1
{[%clk 0:27:51]} Rhc8 {[%clk 0:08:57]} 22. g5 {[%clk 0:27:38]} f6
{[%clk 0:06:13]} 23. gxh6 {[%clk 0:26:40]} gxh6 {[%clk 0:06:34]} 24. Ng3
{[%clk 0:26:51]} Ne7 {[%clk 0:06:22]} 25. Rd2 {[%clk 0:24:42]} e5
{[%clk 0:02:17]} 26. Nfh5 {[%clk 0:22:07]} b4 {[%clk 0:01:18]} 27. axb4
{[%clk 0:13:22]} axb4 {[%clk 0:01:46]} 28. c4 {[%clk 0:13:40]} bxc3
{[%clk 0:01:26]} 29. bxc3 {[%clk 0:13:59]} Nb6 {[%clk 0:01:25]} 30. Nxf6
{[%clk 0:13:42]} exd4 {[%clk 0:00:59]} 31. Re1 {[%clk 0:09:39]} dxc3
{[%clk 0:00:41]} 32. Nfe4+ {[%clk 0:09:57]} Kd7 {[%clk 0:00:46]} 33. Nf6+
{[%clk 0:10:17]} Kd6 {[%clk 0:00:59]} 34. Nfe4+ {[%clk 0:01:46]} Kd7
{[%clk 0:01:11]} 35. Nf6+ {[%clk 0:01:05]} Kd8 {[%clk 0:00:37]} 36. Rde2
{[%clk 0:00:57]} Ra7 {[%clk 0:00:49]} 37. Rc2 {[%clk 0:00:36]} d4
{[%clk 0:01:07]} 38. Rd1 {[%clk 0:00:59]} Kc7 {[%clk 0:00:48]} 39. Rxd4
{[%clk 0:01:15]} Kb7 {[%clk 0:00:44]} 40. Nge4 {[%clk 0:31:35]} Kb8
{[%clk 0:30:36]} 41. Rb4 {[%clk 0:29:35]} Ra6 {[%clk 0:26:51]} 42. Nc5
{[%clk 0:22:35]} Ned5 {[%clk 0:21:43]} 43. Nxa6+ {[%clk 0:22:01]} Ka7
{[%clk 0:21:53]} 44. Nxd5 {[%clk 0:22:20]} Nxd5 {[%clk 0:22:09]} 45. Rd4
{[%clk 0:22:34]} Kxa6 {[%clk 0:21:13]} 46. Rxd5 {[%clk 0:22:58]} Kb7
{[%clk 0:20:26]} 47. Rb5+ {[%clk 0:23:19]} Ka6 {[%clk 0:19:54]} 48. Rb3
{[%clk 0:23:41]} Rc5 {[%clk 0:20:19]} 49. Ra2+ {[%clk 0:24:06]} 1-0